Aragon parle avec Dominique Arban.

Saved in:
Bibliographic Details
Main Author: Arban, Dominique
Other Authors: Aragon, 1897-1982
Format: Book
Language:French
Published: Paris : Seghers, 1968.
Series:L'archipel
Collection Cent pages avec
Subjects:
LEADER 00843nam a2200253 a 4500
001 c000357788
003 CARM
005 00000000000000.0
008 851113s1968 fr 00000 fre d
019 1 |a 4116539  |5 LACONCORD2021 
035 |a (OCoLC)172272  |5 LACONCORD2021 
050 0 0 |a PQ2601.R2Z55 
100 1 |a Arban, Dominique. 
245 1 0 |a Aragon parle avec Dominique Arban. 
260 |a Paris :  |b Seghers,  |c 1968. 
300 |a 189 p. ;  |c 20 cm. 
490 0 |a L'archipel 
490 0 |a Collection Cent pages avec 
600 1 0 |a Aragon,  |d 1897-1982. 
700 1 |a Aragon,  |d 1897-1982. 
852 8 |b CARM  |h A2:AQ16A0  |i B07036  |p 0310000  |f BK 
082 0 4 |a 848.912 
999 f f |i e2cfca59-14c7-5016-91b4-a41ec6c2f3a5  |s d5688c95-5f3e-56ad-839d-1fadccc2e23f 
952 f f |p Can circulate  |a CAVAL  |b CAVAL  |c CAVAL  |d CARM 1 Store  |e B07036  |f A2:AQ16A0  |h Other scheme  |i book  |m 0310000